000 004320000a22001690004500
003 MACL
005 20160113155253.0
008 160113b xxu||||| |||| 00| 0 eng d
040 _aMACL
_cMACL
041 _aEnglish
082 _a954.03/GOP
100 _aGopal, Ram
_96321
245 _aHow The British Occupied Bengal
260 _bAsia Publishing House
_c1963
_aBombay
650 _aHistory
_931918
942 _cBK
_k954.03/Gop
_2ddc
999 _c36296
_d36296